000 01548nam0a2200337 4500
001 RU\NLR\bibl\1065116
005 20260406025614.0
010 _a5-699-19697-8
_912000
021 _aRU
_b2007-9137
_9484
035 _a(nilc)RSL-KNO-003044272
035 _a(NLR Aleph) 002067311
090 _a4718521
_c4718522
100 _a20070301d2007 |||y0rusy50 ca
101 1 _arus
_ceng
102 _aRU
105 _ay zzzz|||||
106 _ar
200 1 _aЧудо
_fИрвин Уоллес
_g[пер. с англ. А. Новикова]
210 _aСанкт-Петербург
_cДомино
_aМосква
_cЭксмо
_d2007
215 _a522,[2] с.
_d22
225 1 _aКнига-загадка, книга-бестселлер
610 0 _aФилологические науки. Художественная литература -- США -- Американская литература -- с 1945 г. -- Произведения художественной литературы -- Художественная проза -- Романы. Повести. Рассказы -- Фантастические и мистические романы, повести, рассказы. Романы ужасов
686 _aШ5(7США)62-644.5
_2rubbk
700 1 _4070
_8rus
_7ca
_aУоллес
_bИ.
_f1916-1990
_gИрвинг
_3RU\NLR\auth\7748
_9110161
801 0 _aRU
_bРКП
_c20070301
_grcr
801 1 _aRU
_bРГБ
_c20070301
801 2 _aRU
_bNLR
_c20070328
_grcr
942 _cBOOK
980 _aNB